000 04291cam a22003494a 4500
001 12720880
003 Nust- CAS-E
005 20180118181405.0
008 020327s2002 dcua b 000 0 eng
010 _a 2002025426
020 _a0875909892
040 _aDLC
_cDLC
_dDLC
042 _apcc
050 0 0 _aQB603.A85
_bA76 2002
082 0 0 _a551.5
_221
_bATM 2002
245 0 0 _aAtmospheres in the solar system :
_bcomparative aeronomy /
_cMichael Mendillo, Andrew Nagy, J.H. Waite, editors.
260 _aWashington, D.C. :
_bAmerican Geophysical Union,
_cc2002.
300 _aix, 388 p. :
_bill. (some col.) ;
_c28 cm.
440 0 _aGeophysical monograph ;
_v130
502 _a0
504 _aIncludes bibliographical references.
505 8 _aMachine generated contents note: Preface -- Michael Mendillo, Andrew Nagy, and. H. Waiteix -- Introduction -- Michael Mendillo, Andrew Nagy, and H. Waite1 -- I. Overviews -- 1 Aeronomic Systems on Planets, Moons, and Comets -- Darrell F Strobel7 -- 2 Solar System Upper Atmospheres: Photochemistry, Energetics, and Dynamics -- G. Randall Gladstone, Roger V Yelle, and T. Majeed23 -- 3 Solar System lonospheres -- Andrew F. Nagy and Thomas E. Cravens39 -- 4 Auroral Processes in the Solar System -- Marina Galand and Supriya Chakrabarti55 -- 5 Airglow Processes in Planetary Atmospheres -- T. G. Slanger and B. C. Wolven77 -- II. Interactions Between Planetary and Small Body Atmospheres -- with the Surrounding Plasma Medium -- 1 Magnetosphere-lonosphere Coupling at Earth, Jupiter, and Beyond -- B. H. Mauk, B. J. Anderson, and R. M. Thorne97 -- 2 Comparison of Auroral Processes: Earth and Jupiter -- J. H. Waite and Dirk Lummerzheim115 -- 3 Numerical Techniques Associated with Simulations of the Solar Wind Interactions -- with Non-Magnetized Bodies -- Stephen H. Brecht141 -- 4 Plasma Flow Past Cometary and Planetary Satellite Atmospheres -- Michael R. Combi, Tamas 1. Gombosi, and Konstantin Kabin151 -- III. Chemistry, Energetics and Dynamics -- 1 Wave Coupling in Terrestrial Planetary Atmospheres -- Jeffrey M. Forbes 171 -- 2 Exospheres and Planetary Escape -- Donald M Hunten191 -- 3 Surface Boundary Layer Atmospheres -- R. E. Johnson203 -- 4 Solar Ultraviolet Variability Over Time Periods of Aeronomic Interest -- Thomas N. Woods and GaryJ. Rottman221 -- 5 Meteoric Material-An Important Component of Planetary Atmospheres -- Joseph M. Grebowsky, Julianne I. Moses, and W. Dean Pesnell 235 -- 6 Current Laboratory Experiments for Planetary Aeronomy -- David L. Huestis 245 -- IV. Models of Aeronomic Systems -- 1 Simulations of the Upper Atmospheres of the Terrestrial Planets -- Stephen W. Bougher, Raymond G. Roble, and Timothy Fuller-Rowell 261 -- 2 Thermospheric General Circulation Models for the Giant Planets: The Jupiter Case -- G.H. Millward, S. Miller, A.D. Aylward, I. C. F. Miller-Wodarg, and N. Achilleos289 -- 3 Ionospheric Models for Earth -- R. W. Schunk 299 -- 4 The Application of General Circulation Models to the Atmospheres of Terrestrial-Type -- Moons of the Giant Planets -- I. C. F. Miller-Wodarg307 -- 5 The Extreme Ultraviolet Airglow of N2 Atmospheres -- Michael H. Stevens 319 -- V. Observational Applications -- 1 The Application of Terrestrial Aeronomy Groundbased Instruments to Planetary Studies -- Michael Mendillo, Fred Roesler, Chester Gardner, and Michael Sulzer 329 -- 2 Ultraviolet Remote Sensing Techniques for Planetary Aeronomy -- John T. Clarke and Larry Paxton339 -- 3 Mass Spectrometry for Planetary Science -- DavidT. Young 353 -- VI. Atmospheres of Other Worlds -- 1 A Possible Aeronomy of Extrasolar Terrestrial Planets -- W. A. Traub and K. W Jucks369 -- 2 Can Conditions for Life be Inferred From Optical Emissions of Extra-Solar-System Planets? -- Harald U. Frey and Dirk Lummerzheim 381.
650 0 _aPlanets
_xAtmospheres.
650 0 _aSatellites
_xAtmospheres.
700 1 _aMendillo, M.
_q(Michael)
700 1 _aNagy, Andrew.
700 1 _aWaite, J. H.
_q(John H.)
856 4 1 _3Table of contents
_uhttp://www.loc.gov/catdir/toc/fy031/2002025426.html
906 _a7
_bcbc
_corignew
_d1
_eocip
_f20
_gy-gencatlg
942 _2ddc
_cBK
999 _c355563
_d355563